Riconosci il Pokémon - Quiz n°710 - Statistics

Statistiche generali
  • Questo quiz è stato fatto 4 volte
  • Il punteggio medio è 8 su 10
Statistiche sulle risposte
Indizio Riposta % Corretto
Tipo Psico / Volante
100%
Generazione Quinta
100%
Altezza 0,4 m
75%
Tasso di cattura 190 (35.2%)
75%
Peso 2,1 kg
75%
Sesso 50% ♂, 50% ♀
75%
Stadio evoluzione Forma Base
75%
Abilità Imprudenza; Impaccio; Disinvoltura
75%
Tasso di allevamento Medio-Veloce
75%
Pokémon Woobat
50%
Nessun quiz corrispondente trovato
Distribuzione punteggi
Percentuale di utenti per punteggio
Percentile per numero di risposta
I tuoi punteggi nel tempo
Non hai fatto questo quiz